Loading...

King lear /

Bibliografiske detaljer
Hovedforfatter: Shakespeare, William
Andre forfattere: Harbage, Alfred
Format: Printed Book
Sprog:English
Udgivet: Baltimore: Penguin, c1958.
Fag:
LEADER 00674 a2200169 4500
008 150103s9999 000 0 eng
082 |a 822.33  
100 |a Shakespeare, William. 
245 |a King lear / 
260 |a Baltimore:  |b Penguin,  |c c1958. 
300 |a 180 p. 
650 |a English drama 
700 |a Harbage, Alfred. 
942 |c BK 
999 |c 301615  |d 301615 
952 |0 0  |1 0  |2 ddc  |4 0  |6 822_330000000000000_SHA_KI  |7 0  |9 344938  |a DRA  |b DRA  |c ST1  |d 2010-09-06  |e Gift  |i 155G  |l 0  |o 822.33 SHA/KI  |p DRA155G  |r 2019-01-03  |w 2019-01-03  |y BK 
952 |0 0  |1 0  |2 ddc  |4 0  |6 822_330000000000000_SHA_KI  |7 0  |9 344939  |a DRA  |b DRA  |c ST1  |d 2010-09-06  |e Gift  |i 156G  |l 0  |o 822.33 SHA/KI  |p DRA156G  |r 2019-01-03  |w 2019-01-03  |y BK